000 00707nam a2200253Ia 4500
003 OSt
005 20221006143153.0
006 a|||||r|||| 00| 0
007 ta
008 221006b |||||||| |||| 00| 0 eng d
020 _a9780861878383
_c663.75
024 _a8,229
037 _cTextual
040 _aEASL
_cEASL
_beng
041 _2eng
_aeng
082 _aX:5.42Oj5.N88, N0
100 _aISHIKAWA Kenjiro
_9649288
245 0 _aJapan and the challenge of Eurpoe 1992
260 _aLondon
_bRoyal Institute of International Affairs
_c1990
300 _a151p.
_ccm.
490 _v JEL
942 _hX:5.42Oj5.N88, N0
_cTEXL
_2CC
999 _c1076315
_d1076315